The theology and practice / (Record no. 11206)
[ view plain ]
| 000 -LEADER | |
|---|---|
| fixed length control field | 00586nam a22002052 4500 |
| 001 - CONTROL NUMBER | |
| control field | 0000011738 |
| 005 - DATE AND TIME OF LATEST TRANSACTION | |
| control field | 20140825164431.0 |
| 008 - FIXED-LENGTH DATA ELEMENTS--GENERAL INFORMATION | |
| fixed length control field | 080508s1990 enk b 001 0 eng d |
| 020 ## - INTERNATIONAL STANDARD BOOK NUMBER | |
| International Standard Book Number | 0716204665 |
| 040 ## - CATALOGING SOURCE | |
| Original cataloging agency | PUL |
| 050 ## - LIBRARY OF CONGRESS CALL NUMBER | |
| Classification number | BR115.P7 |
| Item number | F67 1988 |
| 100 1# - MAIN ENTRY--PERSONAL NAME | |
| Personal name | Forrester, duncan B. |
| 245 14 - TITLE STATEMENT | |
| Title | The theology and practice / |
| Statement of responsibility, etc | Duncan B.Forrester. |
| 260 ## - PUBLICATION, DISTRIBUTION, ETC. (IMPRINT) | |
| Place of publication, distribution, etc | New York : |
| Name of publisher, distributor, etc | EPWORTH PRESS, |
| Date of publication, distribution, etc | 1990. |
| 300 ## - PHYSICAL DESCRIPTION | |
| Extent | 130 p. ; |
| Dimensions | 22 cm. |
| 500 ## - GENERAL NOTE | |
| General note | Includes index. |
| 504 ## - BIBLIOGRAPHY, ETC. NOTE | |
| Bibliography, etc | Bibliographical footnotes. |
| 650 #0 - SUBJECT ADDED ENTRY--TOPICAL TERM | |
| Topical term or geographic name as entry element | Christian and politics |
| General subdivision | Religious aspects. |
| 908 ## - PUT COMMAND PARAMETER (RLIN) | |
| Put command parameter | 080508 |
| Withdrawn status | Lost status | Source of classification or shelving scheme | Damaged status | Not for loan | Home library | Current library | Date acquired | Source of acquisition | Total Checkouts | Full call number | Barcode | Date last seen | Price effective from | Koha item type |
|---|---|---|---|---|---|---|---|---|---|---|---|---|---|---|
| Library of Congress Classification | Presbyterian University of East Africa - Main Library | Presbyterian University of East Africa - Main Library | 26/12/2012 | DON | BR115.P7 F67 1988 | 020020013234 | 26/12/2012 | 26/12/2012 | General circulation books |
